Villains by Letter-F - Statistics

General Stats
  • This quiz has been taken 43 times
  • The average score is 6 of 16
Answer Stats
Picture Answer % Correct
Frankenstein's Monster
95%
Freddy Krueger
95%
Fat Bastard
72%
Fat Tony
72%
Fairy Godmother
64%
Firefly
31%
Fenrir Geyback
28%
Feyd-Rautha
28%
Fin Fang Foom
28%
Francisco Scaramanga
23%
Fearless Leader
18%
Flintheart Glomgold
18%
Fish Freaks
15%
Freak
13%
Freak of Crystal Cove
13%
Fusion
13%
No matching quizzes found
Score Distribution
Percent of People with Each Score
Percentile by Number Answered
Your Score History
You have not taken this quiz